Podmienky rozvoja pútnického cestovného ruchu v Slovenskej republike diplomová práca

Enregistré dans:
Détails bibliographiques
Auteur principal: Krúlová, Michaela
Collectivité auteur: Obchodná fakulta EU. Katedra marketingu
Autres auteurs: Eliašová, Darina
Format: Livre
Langue:slovaque
Publié: Bratislava 2008
Tags: Ajouter un tag
Pas de tags, Soyez le premier à ajouter un tag!

MARC

LEADER 00000nam$a2200000$$$4500
001 0087921
005 20240201115948.2
041 0 |a slo 
044 |a SK 
245 1 0 |a Podmienky rozvoja pútnického cestovného ruchu v Slovenskej republike  |b diplomová práca  |c Michaela Krúlová ; škol. Darina Eliašová 
264 1 |a Bratislava  |c 2008 
300 |a 72 s. 
100 1 |a Krúlová, Michaela 
700 1 |a Eliašová, Darina 
710 2 |a Obchodná fakulta EU. Katedra marketingu